书目信息 |
| 题名: |
共产党宣言
|
|
| 作者: | 马克思 , 恩格斯 著 ;中共中央马恩列斯著作编译局 译 | |
| 分册: | ||
| 出版信息: | 北京 人民出版社 1997.08 |
|
| 页数: | 82页 | |
| 开本: | 32开 | |
| 丛书名: | ||
| 单 册: | ||
| 中图分类: | A122 | |
| 科图分类: | ||
| 主题词: | 马恩著作--单行本 | |
| 电子资源: | ||
| ISBN: | 7-01-000672-5 | |
| 000 | 00725nam0 2200229 45 | |
| 001 | 0210140812 | |
| 005 | 20031219104058.3 | |
| 010 | @a7-01-000672-5@dCNY4.50 | |
| 100 | @a20021014d1997 km y0chiy0120 ea | |
| 101 | 0 | @achi@cger |
| 105 | @a z 000yy | |
| 200 | 1 | @a共产党宣言@AGong Chan Dang Xuan Yan@f马克思,恩格斯著@FMa Ke Si,En Ge Si Zhu@g中共中央马恩列斯著作编译局译 |
| 205 | @a3版 | |
| 210 | @a北京@c人民出版社@d1997.08 | |
| 215 | @a82页@d32开 | |
| 606 | 0 | @a马恩著作@x单行本 |
| 690 | @aA122@v4 | |
| 701 | @a马克思@4著 | |
| 701 | 0 | @a恩格斯@4著 |
| 712 | 02 | @a中共中央马恩列斯著作编译局@AZhong Gong Zhong Yang Ma En Lie Si Zhu ZuoBian Yi Ju@4译 |
| 801 | @aCN@bTSTC@c20021014 | |
| 905 | @b315491-495@dA122@e29=3@f5 | |
| 共产党宣言/马克思,恩格斯著/中共中央马恩列斯著作编译局译.-3版.-北京:人民出版社,1997.08 |
| 82页;32开 |
| ISBN 7-01-000672-5:CNY4.50 |
| ● |
| 相关链接 |
|
|
|
|
正题名:共产党宣言
索取号:A122/29=3
 
预约/预借
| 序号 | 登录号 | 条形码 | 馆藏地/架位号 | 状态 | 备注 |
| 1 | 0315491 | 203154914 | 第一借阅区/ [索取号:A122/29=3] | 在馆 | |
| 2 | 0315492 | 203154923 | 第一借阅区/ [索取号:A122/29=3] | 在馆 | |
| 3 | 0315493 | 203154932 | 第一借阅区/ [索取号:A122/29=3] | 在馆 | |
| 4 | 0315494 | 203154941 | 第一借阅区/ [索取号:A122/29=3] | 在馆 | |
| 5 | 0315495 | 203154950 | 第一样本阅览室/ [索取号:A122/29=3] | 在馆 |